[Event "XXVI Ogolnopolska Olimpiada Mlodziezy"]
[Site "Pulawy"]
[Date "2020.10.11"]
[Round "9.4"]
[White "Pawicka, Magdalena"]
[Black "Obrochta, Lena"]
[Result "1-0"]
[WhiteElo "1775"]
[BlackElo "1765"]
[PlyCount "114"]
[EventDate "2020.10.04"]
[EventType "swiss"]
[Tiebreak "Sum of Buchholz+Median1 Buchholz+Sonneborn-Berger (Swiss)"]

1. e4 c5 2. Nf3 e6 3. d4 cxd4 4. Nxd4 Nc6 5. Nc3 Qc7 6. Nxc6 bxc6 7. f4 d6 8.
Bd3 Nf6 9. O-O Be7 10. Qe2 d5 11. e5 Nd7 12. Qg4 g6 13. Be2 a6 14. Bf3 Bb7 15.
Be3 c5 16. Bf2 Nb6 17. b3 Rc8 18. Rfd1 O-O 19. Bh4 Qd8 20. Bf2 Qc7 21. h4 Nd7
22. h5 Nxe5 23. fxe5 Qxe5 24. Ne2 f5 25. Qg3 Qxg3 26. Bxg3 Bf6 27. hxg6 hxg6
28. Rab1 g5 29. Nc1 g4 30. Be2 Kf7 31. Nd3 Bd4+ 32. Bf2 Kf6 33. b4 Bxf2+ 34.
Kxf2 cxb4 35. Rxb4 Ba8 36. Rd2 Rfd8 37. Rb6 Bc6 38. Nb4 Bb5 39. Bxb5 axb5 40.
Rxb5 f4 41. Rb6 Kf5 42. Nc6 Re8 43. Nd4+ Ke5 44. Nxe6 g3+ 45. Kf1 Rc3 46. Re2+
Re3 47. Rxe3+ fxe3 48. Ke2 d4 49. Ng5 Rc8 50. Nf3+ Ke4 51. Ne1 Ra8 52. Re6+ Kf5
53. Rd6 Ke4 54. Nf3 Ra4 55. Rxd4+ Rxd4 56. Nxd4 Kxd4 57. a4 Kd5 1-0

[Event "XXVI Ogolnopolska Olimpiada Mlodziezy"]
[Site "Pulawy"]
[Date "2020.10.11"]
[Round "9.5"]
[White "Bukala, Weronika"]
[Black "Pietrzak, Emilia"]
[Result "1/2-1/2"]
[WhiteElo "1704"]
[BlackElo "1398"]
[PlyCount "62"]
[EventDate "2020.10.04"]
[EventType "swiss"]
[Tiebreak "Sum of Buchholz+Median1 Buchholz+Sonneborn-Berger (Swiss)"]

1. d4 d5 2. c4 c6 3. Nc3 Nf6 4. Nf3 dxc4 5. e3 b5 6. a4 b4 7. Na2 e6 8. Bxc4
Be7 9. Bd2 a5 10. Nc1 O-O 11. Nb3 Nbd7 12. Qc2 Bb7 13. Bd3 Rc8 14. Ng5 h6 15.
Ne4 Nxe4 16. Bxe4 Ba6 17. Bd3 Qb6 18. O-O c5 19. Bb5 Rfd8 20. Qc4 Bb7 21. Bxd7
Rxd7 22. Qb5 Qc6 23. Qxc6 Bxc6 24. Nxa5 Bd5 25. dxc5 Bxc5 26. Rfc1 Rdc7 27. e4
Bxe4 28. Bf4 e5 29. Bd2 Bd5 30. b3 Bd6 31. Be3 Bc5 1/2-1/2

[Event "XXVI Ogolnopolska Olimpiada Mlodziezy"]
[Site "Pulawy"]
[Date "2020.10.11"]
[Round "9.5"]
[White "Mulawa, Cyprian"]
[Black "Raczek, Krzysztof"]
[Result "1-0"]
[WhiteElo "1693"]
[BlackElo "1782"]
[PlyCount "41"]
[EventDate "2020.10.04"]
[EventType "swiss"]
[Tiebreak "Sum of Buchholz+Median1 Buchholz+Sonneborn-Berger (Swiss)"]

1. e4 c5 2. Nf3 d6 3. d4 cxd4 4. Qxd4 Nf6 5. Nc3 Nc6 6. Bb5 Bd7 7. Qd3 e6 8.
Bg5 Be7 9. O-O-O Qa5 10. e5 Nb4 11. Qd4 Nc6 12. Bxc6 Bxc6 13. Bxf6 gxf6 14.
exd6 O-O-O 15. Qf4 Bf8 16. Qxf6 Qf5 17. Qxf5 exf5 18. Ne5 Bxg2 19. Rhg1 Bxd6
20. Rxd6 Rxd6 21. Nxf7 1-0

[Event "XXVI Ogolnopolska Olimpiada Mlodziezy"]
[Site "Pulawy"]
[Date "2020.10.11"]
[Round "9.5"]
[White "Rog, Bartlomiej"]
[Black "Meers, Hubert"]
[Result "0-1"]
[WhiteElo "1906"]
[BlackElo "1988"]
[PlyCount "138"]
[EventDate "2020.10.04"]
[EventType "swiss"]
[Tiebreak "Sum of Buchholz+Median1 Buchholz+Sonneborn-Berger (Swiss)"]

1. e4 c6 2. d4 d5 3. Nc3 dxe4 4. Nxe4 Bf5 5. Ng3 Bg6 6. Bc4 e6 7. N1e2 Nf6 8.
O-O Bd6 9. f4 Bf5 10. Nxf5 exf5 11. Bd3 g6 12. b3 O-O 13. Bb2 Nbd7 14. c4 Re8
15. Qd2 Qc7 16. Nc3 a6 17. g3 b5 18. Rae1 Bf8 19. Rxe8 Rxe8 20. Re1 Rd8 21. Nd1
Bg7 22. Bc3 Qa7 23. Ne3 Nf8 24. Nc2 Ne6 25. c5 Nxc5 26. Ba5 Nxd3 27. Qxd3 Rd7
28. Qc3 Qb7 29. Nb4 Rd6 30. Qc5 Bf8 31. Rc1 Re6 32. Qc2 Bxb4 33. Bxb4 Nd5 34.
Qc5 Nxb4 35. Qxb4 Qd7 36. Qc5 Rd6 37. Qb6 Qe6 38. Kf2 Kg7 39. Qc5 Qd7 40. Rd1
Rd5 41. Qc3 Qd6 42. b4 h6 43. Rc1 Qf6 44. Qxc6 Qxd4+ 45. Kf1 Qd3+ 46. Kf2 Qd2+
47. Kf1 Qxa2 48. Qc3+ Kh7 49. Qc2 Rd2 50. Qxa2 Rxa2 51. Kg1 Rb2 52. Rc6 Rxb4
53. Rxa6 Rb2 54. Rb6 Kg7 55. Kh1 b4 56. Kg1 b3 57. Kh1 Kf8 58. Kg1 Ke7 59. Rb7+
Ke6 60. h3 h5 61. Kf1 Kd5 62. Ke1 Ke4 63. Kd1 Rb1+ 64. Ke2 b2 65. Rb4+ Kd5 66.
Kd2 Rh1 67. Rxb2 Rh2+ 68. Kc3 Rxb2 69. Kxb2 Ke4 0-1

[Event "XXVI Ogolnopolska Olimpiada Mlodziezy"]
[Site "Pulawy"]
[Date "2020.10.11"]
[Round "9.5"]
[White "Sprzeczka, Emilia"]
[Black "Leks, Emilia"]
[Result "1-0"]
[WhiteElo "1488"]
[BlackElo "1211"]
[PlyCount "51"]
[EventDate "2020.10.04"]
[EventType "swiss"]
[Tiebreak "Sum of Buchholz+Median1 Buchholz+Sonneborn-Berger (Swiss)"]

1. e4 d6 2. d4 Nf6 3. Nc3 Nbd7 4. f4 e5 5. Nf3 Qe7 6. Bd3 g6 7. O-O Bg7 8. Nb5
Qd8 9. dxe5 dxe5 10. fxe5 Ng8 11. Bf4 a6 12. e6 axb5 13. exf7+ Kxf7 14. Bg5 Bf6
15. e5 Kg7 16. exf6+ Ngxf6 17. Bxb5 c6 18. Bc4 Ra5 19. Kh1 Re8 20. b4 Rf5 21.
g4 Qc7 22. gxf5 Ng4 23. Qd4+ Nde5 24. Nxe5 Nxe5 25. f6+ Kh8 26. f7 1-0

[Event "XXVI Ogolnopolska Olimpiada Mlodziezy"]
[Site "Pulawy"]
[Date "2020.10.11"]
[Round "9.6"]
[White "Bar, Klaudia"]
[Black "Uliasz, Katarzyna"]
[Result "0-1"]
[WhiteElo "1408"]
[BlackElo "1495"]
[PlyCount "68"]
[EventDate "2020.10.04"]
[EventType "swiss"]
[Tiebreak "Sum of Buchholz+Median1 Buchholz+Sonneborn-Berger (Swiss)"]

1. d4 Nf6 2. c4 d6 3. Nc3 Nbd7 4. e4 e5 5. d5 Nc5 6. f3 a5 7. Be2 Be7 8. Be3
O-O 9. g4 Ne8 10. Bf2 Bh4 11. Bg3 g6 12. Qd2 Kg7 13. Qe3 Qg5 14. Qxg5 Bxg5 15.
h4 Be3 16. Nd1 Bd4 17. Bf2 Bxf2+ 18. Nxf2 f5 19. Ngh3 Nf6 20. g5 Nh5 21. exf5
Bxf5 22. Rg1 Rae8 23. Kd2 c6 24. Rae1 cxd5 25. cxd5 e4 26. fxe4 Nxe4+ 27. Nxe4
Rxe4 28. Nf2 Rd4+ 29. Kc3 Rxd5 30. Bc4 Re5 31. Rd1 Rc8 32. Kd4 b5 33. Bf1 Nf4
34. Ne4 Rxe4# 0-1

[Event "XXVI Ogolnopolska Olimpiada Mlodziezy"]
[Site "Pulawy"]
[Date "2020.10.11"]
[Round "9.6"]
[White "Kazmierowski, Tymon"]
[Black "Herwy, Jakub"]
[Result "1-0"]
[WhiteElo "1958"]
[BlackElo "1754"]
[PlyCount "82"]
[EventDate "2020.10.04"]
[EventType "swiss"]
[Tiebreak "Sum of Buchholz+Median1 Buchholz+Sonneborn-Berger (Swiss)"]

1. e4 c5 2. Nf3 e6 3. d4 cxd4 4. Nxd4 a6 5. c4 Nf6 6. Nc3 Qc7 7. Be2 b6 8. O-O
Bb7 9. f3 d6 10. Be3 Nbd7 11. Qd2 Be7 12. Rfc1 Rc8 13. a4 Qb8 14. b4 Bd8 15.
Nb3 Bc7 16. Kh1 Ne5 17. Bf4 Ng6 18. Bg5 Nh5 19. f4 h6 20. Bxh5 hxg5 21. Bxg6
fxg6 22. Nd4 Ke7 23. f5 Rxh2+ 24. Kxh2 d5+ 25. Kg1 Bf4 26. Qe2 Rh8 27. exd5
Rh1+ 28. Kxh1 Qh8+ 29. Kg1 Qh2+ 30. Kf1 Qh1+ 31. Kf2 Qh4+ 32. Kf3 Qg3+ 33. Ke4
gxf5+ 34. Nxf5+ exf5+ 35. Kxf5+ Kf8 36. Re1 Bc8+ 37. Kg6 Be3 38. Qf3+ Qxf3 39.
gxf3 Bd2 40. Ne4 Bxb4 41. Nxg5 Bd7 1-0

[Event "XXVI Ogolnopolska Olimpiada Mlodziezy"]
[Site "Pulawy"]
[Date "2020.10.11"]
[Round "9.6"]
[White "Nieckarz, Maja"]
[Black "Ziobrowska, Maja"]
[Result "0-1"]
[WhiteElo "1426"]
[BlackElo "1483"]
[PlyCount "60"]
[EventDate "2020.10.04"]
[EventType "swiss"]
[Tiebreak "Sum of Buchholz+Median1 Buchholz+Sonneborn-Berger (Swiss)"]

1. e4 e5 2. Bc4 Nf6 3. Nc3 Nc6 4. d3 d6 5. f4 Bg4 6. Qd2 exf4 7. Qxf4 Ne5 8.
Bb3 Be7 9. Qf2 O-O 10. Bf4 Ng6 11. Nge2 Qd7 12. O-O-O a5 13. Rdf1 b5 14. a4 b4
15. Nd5 Nxd5 16. Bxd5 c6 17. Bb3 Bxe2 18. Qxe2 Nxf4 19. Rxf4 Bg5 20. Rhf1 d5
21. h4 Bxf4+ 22. Rxf4 Rae8 23. Qf3 dxe4 24. dxe4 Rd8 25. c3 Qd2+ 26. Kb1 bxc3
27. bxc3 Qe1+ 28. Kb2 Rd2+ 29. Bc2 Rb8+ 30. Ka3 Qa1# 0-1

[Event "XXVI Ogolnopolska Olimpiada Mlodziezy"]
[Site "Pulawy"]
[Date "2020.10.11"]
[Round "9.6"]
[White "Warchol, Kamil"]
[Black "Rozek, Michal"]
[Result "1/2-1/2"]
[WhiteElo "1875"]
[BlackElo "1442"]
[PlyCount "85"]
[EventDate "2020.10.04"]
[EventType "swiss"]
[Tiebreak "Sum of Buchholz+Median1 Buchholz+Sonneborn-Berger (Swiss)"]

1. e4 e5 2. Nf3 Nc6 3. Bc4 Bc5 4. c3 Nf6 5. d3 O-O 6. Nbd2 a6 7. a4 Ba7 8. Nf1
d5 9. exd5 Nxd5 10. Ng3 Nf4 11. O-O b5 12. Ba2 Nxd3 13. Bg5 Nxf2 14. Rxf2 Qxd1+
15. Rxd1 h6 16. Bc1 Bxf2+ 17. Kxf2 Bb7 18. Rd7 Rac8 19. Be3 Nb8 20. Rd2 Nc6 21.
axb5 axb5 22. Rd5 b4 23. Rb5 Ba6 24. Rc5 Bb7 25. Nf5 Rfe8 26. Bc4 e4 27. Ne1
bxc3 28. bxc3 Ne5 29. Be2 Kh7 30. Bd4 f6 31. Ne3 Nc6 32. Bg4 Rcd8 33. N1c2 Re7
34. h4 Ne5 35. Ra5 Nxg4+ 36. Nxg4 Bc8 37. Nge3 f5 38. g3 Rf7 39. Ng2 g5 40.
hxg5 hxg5 41. Ke3 Rg8 42. Be5 Kg6 43. Rc5 1/2-1/2

[Event "XXVI Ogolnopolska Olimpiada Mlodziezy"]
[Site "Pulawy"]
[Date "2020.10.11"]
[Round "9.7"]
[White "Bialek, Alicja"]
[Black "Gaczol, Julia"]
[Result "0-1"]
[WhiteElo "1457"]
[BlackElo "1360"]
[PlyCount "72"]
[EventDate "2020.10.04"]
[EventType "swiss"]
[Tiebreak "Sum of Buchholz+Median1 Buchholz+Sonneborn-Berger (Swiss)"]

1. e4 c5 2. Nf3 a6 3. c3 d5 4. exd5 Qxd5 5. d4 Nc6 6. Be3 cxd4 7. cxd4 e6 8. a3
Nf6 9. Nc3 Qd6 10. g3 b5 11. Bg2 Bb7 12. O-O Be7 13. Ne5 Na5 14. Bf4 Bxg2 15.
Kxg2 Qb6 16. Kg1 O-O 17. Be3 Qb7 18. f4 Nd5 19. Nxd5 Qxd5 20. Rc1 Rac8 21. Qh5
g6 22. Qe2 Nb3 23. Rxc8 Rxc8 24. Rd1 a5 25. g4 a4 26. f5 Kg7 27. Qf2 f6 28.
fxg6 hxg6 29. Nd3 Qe4 30. Nf4 g5 31. Nh5+ Kg6 32. Qg3 Rc2 33. Rb1 Bd6 34. Qh3
Bxh2+ 35. Kf1 Qh1+ 36. Bg1 Qxg1# 0-1

[Event "XXVI Ogolnopolska Olimpiada Mlodziezy"]
[Site "Pulawy"]
[Date "2020.10.11"]
[Round "9.7"]
[White "Jedraszek, Pawel"]
[Black "Malek, Jan"]
[Result "1/2-1/2"]
[WhiteElo "1816"]
[BlackElo "1941"]
[PlyCount "60"]
[EventDate "2020.10.04"]
[EventType "swiss"]
[Tiebreak "Sum of Buchholz+Median1 Buchholz+Sonneborn-Berger (Swiss)"]

1. d4 d5 2. Nf3 Nf6 3. Bf4 c5 4. c3 Qb6 5. Qb3 c4 6. Qc2 Nc6 7. Nbd2 Qa5 8. e4
e6 9. Be2 b5 10. O-O Be7 11. h3 O-O 12. e5 Nd7 13. Bg5 Qd8 14. Bxe7 Qxe7 15.
Nh2 f5 16. exf6 Nxf6 17. f4 Qd6 18. Rf2 Bb7 19. Raf1 Ne7 20. Ng4 Ne4 21. Nxe4
dxe4 22. Ne3 Rac8 23. Qd2 Rf7 24. g3 Rcf8 25. h4 a6 26. a3 Qc6 27. Kh2 Qd6 28.
Kg1 Qc6 29. Kh2 Qd6 30. Kg1 Qc6 1/2-1/2

[Event "XXVI Ogolnopolska Olimpiada Mlodziezy"]
[Site "Pulawy"]
[Date "2020.10.11"]
[Round "9.7"]
[White "Pniewska, Beata"]
[Black "Lewicka, Joanna"]
[Result "1-0"]
[WhiteElo "1170"]
[BlackElo "1243"]
[PlyCount "125"]
[EventDate "2020.10.04"]
[EventType "swiss"]
[Tiebreak "Sum of Buchholz+Median1 Buchholz+Sonneborn-Berger (Swiss)"]

1. e4 e5 2. Nf3 Nc6 3. Bc4 Bc5 4. d3 Nf6 5. Nc3 d6 6. O-O Bg4 7. Be3 Bb6 8. a4
h6 9. Nd5 O-O 10. Nxb6 axb6 11. c3 d5 12. exd5 Nxd5 13. Bxd5 Qxd5 14. c4 Qd6
15. Qe2 Qg6 16. Rfd1 f5 17. Nh4 Qf6 18. f3 Qxh4 19. fxg4 f4 20. Bf2 Qf6 21. Qe4
Rad8 22. Rd2 Na5 23. Rad1 f3 24. g3 Rfe8 25. b4 Nc6 26. b5 Na5 27. Be3 Rb8 28.
Rf2 c6 29. Rxf3 Qe6 30. Bxb6 Nb3 31. Bf2 c5 32. Qf5 Nd4 33. Bxd4 exd4 34. Qxe6+
Rxe6 35. Kf2 b6 36. Re1 Rxe1 37. Kxe1 Ra8 38. Kf2 Rxa4 39. Kg2 Ra3 40. h4 Ra2+
41. Rf2 Ra3 42. Rd2 Kf7 43. Kf3 Ra1 44. Rf2 Re1 45. Kf4 Kf6 46. g5+ hxg5+ 47.
hxg5+ Kg6 48. Kg4 Re5 49. Kh4 Rxg5 50. Re2 Kf6 51. Re6+ Kxe6 52. Kxg5 Kf7 53.
Kf5 g6+ 54. Ke5 Ke7 55. g4 Kf7 56. Kd6 Kf6 57. Kc6 Kg5 58. Kxb6 Kxg4 59. Kxc5
Kf3 60. Kxd4 g5 61. b6 g4 62. b7 g3 63. b8=Q 1-0

[Event "XXVI Ogolnopolska Olimpiada Mlodziezy"]
[Site "Pulawy"]
[Date "2020.10.11"]
[Round "9.7"]
[White "Zielonka, Adam"]
[Black "Ratajczak, Hubert"]
[Result "1/2-1/2"]
[WhiteElo "1736"]
[BlackElo "1595"]
[PlyCount "81"]
[EventDate "2020.10.04"]
[EventType "swiss"]
[Tiebreak "Sum of Buchholz+Median1 Buchholz+Sonneborn-Berger (Swiss)"]

1. Nf3 Nf6 2. c4 g6 3. g3 Bg7 4. Bg2 O-O 5. O-O d6 6. d3 e5 7. Nc3 Nc6 8. Rb1
a5 9. a3 Re8 10. Ne1 Be6 11. e4 Qd7 12. Nd5 Bxd5 13. exd5 Nd4 14. Be3 a4 15.
Bxd4 exd4 16. Nc2 Ng4 17. Re1 Rxe1+ 18. Qxe1 Re8 19. Qf1 Ne5 20. Re1 h5 21. h3
Qd8 22. Qe2 Re7 23. f4 Nc6 24. Qd2 Rxe1+ 25. Qxe1 Ne7 26. Be4 Nc8 27. Bg2 Nb6
28. Qe4 Nd7 29. Qe2 Nc5 30. Ne1 h4 31. g4 Qf6 32. Qf2 Qe7 33. Bf1 g5 34. fxg5
Qxg5 35. Nf3 Qf4 36. Nxh4 Qxf2+ 37. Kxf2 Bh6 38. Nf5 Bc1 39. Nxd4 Bxb2 40. Nc2
Nb3 41. Be2 1/2-1/2

[Event "XXVI Ogolnopolska Olimpiada Mlodziezy"]
[Site "Pulawy"]
[Date "2020.10.11"]
[Round "9.8"]
[White "Bartodziej, Bartosz"]
[Black "Ptaszynski, Szymon"]
[Result "1-0"]
[WhiteElo "1775"]
[BlackElo "1518"]
[PlyCount "115"]
[EventDate "2020.10.04"]
[EventType "swiss"]
[Tiebreak "Sum of Buchholz+Median1 Buchholz+Sonneborn-Berger (Swiss)"]

1. e4 c5 2. Nf3 e6 3. d4 cxd4 4. Nxd4 a6 5. c4 Nf6 6. Nc3 Bb4 7. Qd3 Qc7 8. a3
Bxc3+ 9. Qxc3 d6 10. Qg3 O-O 11. Bh6 Ne8 12. Be2 Nd7 13. O-O b6 14. Rac1 Bb7
15. f3 Rc8 16. Rfd1 Ndf6 17. Bd2 Kh8 18. Bb4 Nd7 19. Bd2 Qb8 20. Be3 Nef6 21.
b4 Qc7 22. Nb3 d5 23. Bf4 Qd8 24. Bd6 Rg8 25. e5 Ne8 26. c5 Nxd6 27. cxd6 b5
28. Rxc8 Bxc8 29. Rc1 Qb6+ 30. Nc5 Bb7 31. f4 Nxc5 32. bxc5 Qc6 33. Qe1 Bc8 34.
Qa5 Bd7 35. Bf3 Rc8 36. Kf2 g6 37. g4 Kg7 38. Ke3 Qa8 39. Kd4 Rc6 40. f5 Qc8
41. f6+ Kf8 42. Bg2 Kg8 43. Qd2 Qf8 44. Rc3 Kh8 45. Bf1 Qd8 46. Qh6 Qg8 47. Rb3
Rc8 48. g5 Rb8 49. a4 b4 50. a5 Ba4 51. Rb2 b3 52. Kc3 Ra8 53. Kb4 Bc6 54. Kxb3
d4 55. Bc4 Rc8 56. Kc2 Be4+ 57. Kd2 Ra8 58. Bxa6 1-0

[Event "XXVI Ogolnopolska Olimpiada Mlodziezy"]
[Site "Pulawy"]
[Date "2020.10.11"]
[Round "9.8"]
[White "Janikowska, Wiktoria"]
[Black "Kucharska, Helena"]
[Result "1-0"]
[WhiteElo "1580"]
[BlackElo "1727"]
[PlyCount "85"]
[EventDate "2020.10.04"]
[EventType "swiss"]
[Tiebreak "Sum of Buchholz+Median1 Buchholz+Sonneborn-Berger (Swiss)"]

1. e4 e6 2. d4 d5 3. Nc3 h6 4. a3 Nf6 5. e5 Nfd7 6. Nce2 c5 7. c3 c4 8. Ng3 Nc6
9. f4 Na5 10. Nf3 Nb6 11. Nd2 Bd7 12. Qf3 Be7 13. Be2 Ba4 14. O-O g6 15. Bd1
Qd7 16. Rb1 Rc8 17. Bxa4 Nxa4 18. Ne2 Qb5 19. Ng3 Nb3 20. Nxb3 Qxb3 21. f5 gxf5
22. Nxf5 exf5 23. Qxf5 Kd8 24. Bf4 Qb6 25. Qxf7 Qc6 26. Qg7 Rf8 27. Bxh6 Rxf1+
28. Rxf1 Kd7 29. Bg5 Re8 30. Rf6 Rg8 31. Qxg8 Bxf6 32. Bxf6 Qe6 33. Qxe6+ Kxe6
34. h4 Nxb2 35. h5 Kf7 36. h6 Kg8 37. e6 Nd1 38. h7+ Kxh7 39. e7 Nxc3 40. e8=Q
Ne4 41. Qf7+ Kh6 42. Qg7+ Kh5 43. g4# 1-0

[Event "XXVI Ogolnopolska Olimpiada Mlodziezy"]
[Site "Pulawy"]
[Date "2020.10.11"]
[Round "9.8"]
[White "Jeda, Maciej"]
[Black "Paprocki, Antoni"]
[Result "0-1"]
[WhiteElo "1768"]
[BlackElo "2031"]
[PlyCount "64"]
[EventDate "2020.10.04"]
[EventType "swiss"]
[Tiebreak "Sum of Buchholz+Median1 Buchholz+Sonneborn-Berger (Swiss)"]

1. e4 c5 2. Nf3 d6 3. d4 cxd4 4. Nxd4 Nf6 5. Nc3 a6 6. Be2 e5 7. Nb3 Be7 8. O-O
O-O 9. Kh1 Nc6 10. f4 b5 11. a3 Bb7 12. f5 b4 13. axb4 Nxb4 14. Bf3 Rc8 15. Bg5
Qb6 16. Qe2 Rfd8 17. Na5 Ba8 18. Nc4 Qc5 19. Ne3 h6 20. Bxf6 Bxf6 21. Na4 Qb5
22. c3 Qxe2 23. Bxe2 Bg5 24. cxb4 Bxe3 25. Bxa6 Rb8 26. Bc4 Rxb4 27. b3 Bd4 28.
Rae1 Bc6 29. Bd5 Bxd5 30. exd5 Rxb3 31. Re2 Ra3 32. Nb2 Ra2 0-1

[Event "XXVI Ogolnopolska Olimpiada Mlodziezy"]
[Site "Pulawy"]
[Date "2020.10.11"]
[Round "9.8"]
[White "Moczala, Maja"]
[Black "Natoli, Alessia"]
[Result "0-1"]
[WhiteElo "1252"]
[BlackElo "1363"]
[PlyCount "106"]
[EventDate "2020.10.04"]
[EventType "swiss"]
[Tiebreak "Sum of Buchholz+Median1 Buchholz+Sonneborn-Berger (Swiss)"]

1. e4 c5 2. Nf3 e6 3. c3 Nc6 4. d4 d5 5. e5 Qb6 6. a3 Bd7 7. b4 cxb4 8. cxb4 a6
9. Be3 Nge7 10. Nc3 Nf5 11. Bd3 Nxe3 12. fxe3 Nxb4 13. O-O Nxd3 14. Qxd3 h6 15.
Rfb1 Qa7 16. Nd2 Be7 17. e4 dxe4 18. Ncxe4 Bc6 19. Nc4 O-O 20. a4 Rad8 21. Rd1
Bxe4 22. Qxe4 Rd7 23. a5 Rd5 24. Nb6 Rb5 25. Rdc1 Bd8 26. Nd7 Re8 27. Qg4 Rd5
28. Nc5 Bg5 29. Rd1 Be3+ 30. Kh1 Red8 31. Ra4 Qxc5 32. Rb1 Qc2 33. Raa1 Rxd4
34. Qf3 Qe4 35. Rxb7 Qxb7 36. Qxe3 Rd1+ 37. Rxd1 Rxd1+ 38. Qg1 Rxg1+ 39. Kxg1
Qe4 40. h3 Qxe5 41. g4 Qxa5 42. Kg2 Qd2+ 43. Kf3 a5 44. Ke4 a4 45. g5 Qd5+ 46.
Ke3 a3 47. gxh6 a2 48. h7+ Kxh7 49. h4 a1=R 50. h5 Ra4 51. h6 Qb3+ 52. Kd2 Ra2+
53. Ke1 Qb1# 0-1

[Event "XXVI Ogolnopolska Olimpiada Mlodziezy"]
[Site "Pulawy"]
[Date "2020.10.11"]
[Round "9.9"]
[White "Dobosiewicz, Dawid"]
[Black "Borowik, Wojciech"]
[Result "0-1"]
[WhiteElo "1390"]
[BlackElo "1759"]
[PlyCount "104"]
[EventDate "2020.10.04"]
[EventType "swiss"]
[Tiebreak "Sum of Buchholz+Median1 Buchholz+Sonneborn-Berger (Swiss)"]

1. e4 c5 2. Nc3 d6 3. f4 g6 4. Nf3 Bg7 5. Bc4 Nc6 6. d3 Nf6 7. O-O O-O 8. a3 e6
9. Qe1 Nd4 10. Qd1 d5 11. Ba2 Nxf3+ 12. Qxf3 d4 13. Ne2 Bd7 14. h3 Bc6 15. Qf2
Nd7 16. f5 Kh8 17. fxe6 fxe6 18. Qe1 e5 19. Bd2 Ba4 20. Qg3 Qe7 21. Bg5 Qd6 22.
Qh4 Bf6 23. Rxf6 Rxf6 24. Bxf6+ Qxf6 25. Qxf6+ Nxf6 26. c3 Bb5 27. c4 Be8 28.
b4 Nd7 29. Bb3 a5 30. b5 Kg7 31. a4 Bf7 32. Rf1 Be6 33. Rf2 Nf6 34. Bc2 Rd8 35.
Nc1 b6 36. Nb3 Nh5 37. Nc1 Nf4 38. Ne2 Nxe2+ 39. Rxe2 Bxc4 40. Bb1 Bb3 41. Ba2
c4 42. Kf2 cxd3 43. Rd2 Bxa2 44. Rxa2 Rc8 45. g3 Rc2+ 46. Rxc2 dxc2 47. Ke2
c1=Q 48. h4 Qe3+ 49. Kd1 d3 50. h5 gxh5 51. g4 Qe2+ 52. Kc1 Qc2# 0-1

[Event "XXVI Ogolnopolska Olimpiada Mlodziezy"]
[Site "Pulawy"]
[Date "2020.10.11"]
[Round "9.9"]
[White "Gladyszewska, Kinga"]
[Black "Sliwicka, Weronika"]
[Result "1/2-1/2"]
[WhiteElo "1359"]
[BlackElo "1272"]
[PlyCount "105"]
[EventDate "2020.10.04"]
[EventType "swiss"]
[Tiebreak "Sum of Buchholz+Median1 Buchholz+Sonneborn-Berger (Swiss)"]

1. c4 e5 2. Nc3 Nf6 3. Nf3 Nc6 4. g3 d5 5. cxd5 Nxd5 6. d3 Bb4 7. Bd2 O-O 8.
Bg2 Nb6 9. O-O h6 10. a3 Be7 11. b4 a6 12. Rc1 Be6 13. Ne4 Qd5 14. Nc5 Bxc5 15.
Rxc5 Qd6 16. Rc1 Ne7 17. Be3 Nd7 18. Bc5 Nxc5 19. bxc5 Qd5 20. e4 Qa2 21. Nxe5
Qxa3 22. d4 Nc6 23. Nxc6 bxc6 24. d5 cxd5 25. exd5 Rad8 26. Qc2 Bxd5 27. Ra1
Qb4 28. Rfb1 Qc4 29. Qxc4 Bxc4 30. Rb7 Rc8 31. Bf1 Bd5 32. Ra7 c6 33. R7xa6 Rb8
34. Bg2 Bxg2 35. Kxg2 Rbc8 36. Rb6 Rfe8 37. Raa6 Re6 38. Kf3 Kf8 39. Kg2 Ke7
40. Ra7+ Kf6 41. Rbb7 Rf8 42. Rd7 Re5 43. Rd6+ Re6 44. Rad7 Rfe8 45. Rc7 Rxd6
46. cxd6 Ke6 47. d7 Rd8 48. Rxc6+ Kxd7 49. Rb6 Ke7 50. Kf3 Rd6 51. Rb7+ Kf6 52.
Rb5 Re6 53. h3 {Ke5 Ke4+} 1/2-1/2

[Event "XXVI Ogolnopolska Olimpiada Mlodziezy"]
[Site "Pulawy"]
[Date "2020.10.11"]
[Round "9.9"]
[White "Paszkowski, Krystian"]
[Black "Halhoul, Adam"]
[Result "1-0"]
[WhiteElo "1889"]
[BlackElo "1718"]
[PlyCount "93"]
[EventDate "2020.10.04"]
[EventType "swiss"]
[Tiebreak "Sum of Buchholz+Median1 Buchholz+Sonneborn-Berger (Swiss)"]

1. c4 e5 2. g3 Nf6 3. Bg2 d5 4. cxd5 Nxd5 5. Nf3 Nc6 6. O-O Be7 7. Nc3 Nb6 8.
d3 g5 9. d4 exd4 10. Nb5 Bf6 11. Bxg5 Bxg5 12. Nxg5 O-O 13. Nf3 Qe7 14. Nfxd4
Nxd4 15. Qxd4 c6 16. Nxa7 Rxa7 17. Qxb6 Ra6 18. Qe3 Qxe3 19. fxe3 Re8 20. Kf2
Ra5 21. Rfd1 Rae5 22. Rd3 Bf5 23. Rb3 R5e7 24. Rc1 Rd8 25. e4 Be6 26. Rd3 Rf8
27. a3 f5 28. exf5 Rxf5+ 29. Bf3 Rb5 30. b4 Bf5 31. Rd8+ Kg7 32. Rcd1 Rbe5 33.
R8d4 Re3 34. g4 Bg6 35. Rd7 Kf6 36. R1d6+ Kf7 37. Rxe7+ Rxe7 38. h4 Bc2 39. g5
Kg7 40. h5 Rf7 41. Kg3 Bb1 42. h6+ Kf8 43. Bh5 Rf5 44. Rf6+ Ke7 45. Rxf5 Bxf5
46. Kf4 Bb1 47. Ke5 1-0

[Event "XXVI Ogolnopolska Olimpiada Mlodziezy"]
[Site "Pulawy"]
[Date "2020.10.11"]
[Round "9.9"]
[White "Trybus, Dominika"]
[Black "Arciszewska, Zuzanna"]
[Result "1-0"]
[WhiteElo "1471"]
[BlackElo "1593"]
[PlyCount "85"]
[EventDate "2020.10.04"]
[EventType "swiss"]
[Tiebreak "Sum of Buchholz+Median1 Buchholz+Sonneborn-Berger (Swiss)"]

1. e4 e5 2. Nc3 Nf6 3. g3 Bc5 4. Bg2 Nc6 5. d3 d6 6. Nge2 Bg4 7. h3 Bh5 8. Na4
Bxe2 9. Qxe2 Nd4 10. Qd1 Bb6 11. Nxb6 axb6 12. O-O Qd7 13. c3 Ne6 14. Be3 O-O
15. f4 Ra5 16. f5 Nd8 17. g4 Qb5 18. g5 Nd7 19. Rf2 Nc5 20. Bf1 Qa4 21. b4 Qxd1
22. Rxd1 Ra3 23. bxc5 bxc5 24. Bc1 Ra4 25. Rdd2 Nc6 26. g6 hxg6 27. fxg6 f6 28.
Be2 Rfa8 29. Bd1 R4a5 30. Bb3+ Kf8 31. Rd1 b5 32. Bd5 R8a6 33. Bxc6 Rxc6 34.
Kg2 Rca6 35. a3 c6 36. d4 cxd4 37. cxd4 Ke7 38. dxe5 dxe5 39. Rfd2 Ra7 40. Rd8
Ra4 41. Rg8 Rd4 42. Rxd4 exd4 43. Rxg7+ 1-0

[Event "XXVI Ogolnopolska Olimpiada Mlodziezy"]
[Site "Pulawy"]
[Date "2020.10.11"]
[Round "9.10"]
[White "Egeman, Emilia"]
[Black "Dallemura, Anna"]
[Result "1-0"]
[WhiteElo "1534"]
[BlackElo "1420"]
[PlyCount "81"]
[EventDate "2020.10.04"]
[EventType "swiss"]
[Tiebreak "Sum of Buchholz+Median1 Buchholz+Sonneborn-Berger (Swiss)"]

1. e4 e5 2. Nf3 Nc6 3. Bc4 Bc5 4. O-O Nf6 5. d3 d6 6. c3 Bb6 7. Re1 O-O 8. h3
h6 9. Nbd2 Ne7 10. Nf1 Ng6 11. Ng3 Re8 12. Bb3 c6 13. d4 Qe7 14. Nf5 Qc7 15.
Bxh6 Bxf5 16. exf5 Nf4 17. Bxf4 exf4 18. Qd2 Nh5 19. Ng5 d5 20. Bc2 Nf6 21. Qd3
Qd6 22. Qf3 Bc7 23. h4 Re7 24. Rxe7 Qxe7 25. Nh3 Re8 26. Bd3 Qd6 27. Ng5 Qe7
28. Kf1 Ne4 29. Bxe4 dxe4 30. Qh5 Qf6 31. Qh7+ Kf8 32. Re1 e3 33. fxe3 Rxe3 34.
Rxe3 fxe3 35. Ne4 Qd8 36. Qh8+ Ke7 37. Qxg7 Qd5 38. f6+ Ke8 39. Qg8+ Kd7 40.
Nc5+ Kd6 41. Qf8# 1-0

[Event "XXVI Ogolnopolska Olimpiada Mlodziezy"]
[Site "Pulawy"]
[Date "2020.10.11"]
[Round "9.10"]
[White "Grzebieniowski, Michal"]
[Black "Przybylski, Jan"]
[Result "1-0"]
[WhiteElo "1588"]
[BlackElo "1398"]
[PlyCount "43"]
[EventDate "2020.10.04"]
[EventType "swiss"]
[Tiebreak "Sum of Buchholz+Median1 Buchholz+Sonneborn-Berger (Swiss)"]

1. d4 d5 2. c4 e6 3. Nf3 Nf6 4. g3 dxc4 5. Bg2 c5 6. O-O Nbd7 7. Na3 a6 8. Nxc4
b5 9. Nce5 Nxe5 10. Nxe5 Nd5 11. dxc5 Bxc5 12. e4 Nf6 13. Qxd8+ Kxd8 14. Nxf7+
Ke7 15. Nxh8 e5 16. Bg5 Be6 17. b3 Rxh8 18. Rac1 Bb6 19. Rc6 Rb8 20. Rd1 Bd4
21. Rxa6 Rc8 22. Rxe6+ 1-0